| 000 | 00675nam a2200229 a 4500 | ||
|---|---|---|---|
| 005 | 20200104041550.0 | ||
| 008 | 140115b2001 ck ||||| |||| 00| 0 spa d | ||
| 040 |
_aCO-BoIAVH _cCO-BoIAVH |
||
| 041 | _aspa | ||
| 090 |
_aEA _b373 |
||
| 100 | 1 |
_aWilches Chaux, Gustavo _955308 |
|
| 245 | 1 | _aHerramientas sociales para la gestión del riesgo | |
| 260 |
_aBogotá _bFOREC _c2001 |
||
| 300 |
_a62 paginas.: _bilustraciones.; _c24 x 13 cm |
||
| 650 | 4 |
_aRiesgo _914318 |
|
| 650 | 4 |
_aGestion de riesgo _9171 |
|
| 650 | 4 |
_acambio climático _955310 |
|
| 650 | 4 |
_aDesarrollo sostenible _9278 |
|
| 700 | 1 |
_aWilches Castro, Simón _93982 |
|
| 942 |
_cLIBRO _2z |
||
| 945 | _d2005-05-18 | ||
| 999 |
_c4491 _d4491 |
||